000
00403nam a2200145Ia 4500
008
100122s9999 xx 000 0 und d
082
_b
48053
_a
823.08
100
_a
मुजावर बशीर
245
_a
गूढ कथा
260
_b
साहेबजी प्रकाशन
_c
1993
300
_a
200
630
_a
गूढ कथा
730
_a
गूढ कथा
942
_c
BOOK
999
_c
426774
_d
426771